000 00989nam a2200289 i 4500
001 bg
100 1 _aAUGUSTYNIAK, Bolesław
245 1 0 _aZjawiska magnetosprężyste i ich wykorzystanie w nieniszczących badaniach materiałów /
_cBolesław Augustyniak ; Politechnika Gdańska.
260 _aGdańsk :
_bWydaw. PG,
_c2003.
300 _a190, [2] s. :
_bil. ;
_c24 cm.
490 1 _aMonografie / Politechnika Gdańska ;
_v38
500 _aStreszcz. pol., ang.
504 _aBibliogr.
650 9 _aBadania nieniszczące
_xmetody
650 9 _aFerromagnetyki
_xbadanie
650 9 _aMateriały magnetyczne
_xbadanie
650 9 _aZjawisko Barkhausena
_xstosowanie
650 9 _aNaprężenia i odkształcenia
_xbadanie
830 0 _aMonografie (Politechnika Gdańska) ;
_v38
020 _a8373480420
040 _cBPK
041 0 _apol
_beng
080 _a620.17:621.318:537.6:539.3/.5
920 _a83-7348-042-0
942 _cKS
008 s pl f |000 0 pol
999 _c43077
_d43077
856 _uhttp://koha.tu.koszalin.pl/cgi-bin/koha/opac-detail.pl?biblionumber=43077
_yKatalog online BPK